[Event "Calgary int."]
[Site "Calgary CAN"]
[Date "2023.12.30"]
[Round "1"]
[White "Soberov, Emil"]
[Black "Haessel, Dale"]
[Result "0-1"]
[WhiteElo "2150"]
[BlackElo "2001"]
[PlyCount "96"]
[EventDate "2023.12.26"]
[EventType "swiss"]
[EventRounds "9"]
[EventCountry "CAN"]

1. e4 e5 2. Nf3 Nc6 3. Bb5 Nf6 4. Nc3 Bc5 5. d3 d6 6. a3 a6 7. Ba4 O-O 8. O-O
h6 9. h3 Be6 10. Bxc6 bxc6 11. d4 exd4 12. Nxd4 Bd7 13. Re1 Re8 14. Bf4 Nh5 15.
Be3 Qf6 16. Qd2 Qg6 17. Kh2 Nf6 18. f3 d5 19. exd5 cxd5 20. Nce2 Nh5 21. g4
Bd6+ 22. Kh1 c5 23. Nb3 d4 24. Bf2 Bc6 25. Nexd4 cxd4 26. Nxd4 Qf6 27. Qc3 Qf4
28. Bg1 Qg3 29. Qd2 Qxh3+ 30. Bh2 Bxh2 31. Qxh2 Bxf3+ 32. Nxf3 Qxf3+ 33. Qg2
Qxg2+ 34. Kxg2 Nf6 35. Kf3 g5 36. c4 Rxe1 37. Rxe1 Re8 38. Rc1 Re4 39. c5 Rf4+
40. Ke2 Ne8 41. Kd3 Rxg4 42. c6 Nc7 43. Rf1 Rf4 44. Rxf4 gxf4 45. Ke4 h5 46.
Kxf4 f6 47. Kf5 Kf7 48. b4 Ke7 0-1

[Event "Calgary int."]
[Site "Calgary CAN"]
[Date "2023.12.26"]
[Round "1"]
[White "Wu, Jonathan"]
[Black "Chandra, Anand Rishi"]
[Result "0-1"]
[WhiteElo "2009"]
[BlackElo "2157"]
[PlyCount "55"]
[EventDate "2023.12.26"]
[EventType "swiss"]
[EventRounds "9"]
[EventCountry "CAN"]

1. e4 e5 2. Nf3 Nc6 3. Bb5 a6 4. Ba4 Nf6 5. O-O Be7 6. Re1 b5 7. Bb3 d6 8. c3
O-O 9. h3 Nb8 10. d4 Nbd7 11. Nbd2 Bb7 12. Bc2 Re8 13. a4 Bf8 14. Bd3 c6 15. b3
Qc7 16. Bb2 d5 17. axb5 cxb5 18. Qc2 exd4 19. c4 dxe4 20. Nxe4 Nxe4 21. Bxe4
Bxe4 22. Rxe4 d3 23. Rxe8 dxc2 24. Rxa8 bxc4 25. bxc4 Qb7 26. Rxf8+ Nxf8 27.
Ba3 Qb1+ 28. Bc1 0-1

[Event "Calgary int."]
[Site "Calgary CAN"]
[Date "2023.12.27"]
[Round "2"]
[White "Chandra, Anand Rishi"]
[Black "Gomez Garrido, Camillo Ernesto"]
[Result "0-1"]
[WhiteElo "2157"]
[BlackElo "2481"]
[PlyCount "122"]
[EventDate "2023.12.26"]
[EventType "swiss"]
[EventRounds "9"]
[EventCountry "CAN"]

1. e4 c5 2. Nf3 d6 3. d4 Nf6 4. Nc3 cxd4 5. Nxd4 a6 6. h3 Nc6 7. g4 Qb6 8. Nb3
e6 9. Bg2 Be7 10. Be3 Qc7 11. O-O b5 12. f4 Bb7 13. a4 b4 14. Ne2 O-O 15. Qe1
Rac8 16. g5 Nd7 17. Qf2 Rfe8 18. h4 Na5 19. f5 exf5 20. Ned4 Nxb3 21. cxb3 Bf8
22. Nxf5 Nc5 23. Rac1 Bxe4 24. Bd4 Qb7 25. Nh6+ gxh6 26. gxh6 Re6 27. Rxc5 dxc5
28. Bxe4 Qd7 29. Be5 Bxh6 30. Bf5 Rce8 31. Kh2 Qd2 32. Rg1+ Rg6 33. Qxd2 Bxd2
34. Bxg6 hxg6 35. Bf6 Bf4+ 36. Kh3 Re6 37. Bd8 Re3+ 38. Kg4 Be5 39. h5 Bxb2 40.
hxg6 fxg6 41. Kf4 Re6 42. Rd1 Bd4 43. Ba5 Kf7 44. Rd3 Re1 45. Kf3 Rf1+ 46. Ke4
g5 47. Kd5 Rf5+ 48. Kc6 Bf2 49. Bc7 g4 50. Kb7 Rf3 51. Rd5 g3 52. Bxg3 Bxg3 53.
Rxc5 Rc3 54. Rh5 Rxb3 55. Kxa6 Ra3 56. a5 b3 57. Kb7 Ke6 58. Rb5 Bf2 59. a6 Kd6
60. Kb8 Kc6 61. Rb7 Bb6 0-1

[Event "Calgary int."]
[Site "Calgary CAN"]
[Date "2023.12.27"]
[Round "2"]
[White "Findlay, Ian"]
[Black "Malek, Omid"]
[Result "1-0"]
[WhiteElo "2126"]
[BlackElo "2032"]
[PlyCount "117"]
[EventDate "2023.12.26"]
[EventType "swiss"]
[EventRounds "9"]
[EventCountry "CAN"]

1. e4 c5 2. Nf3 d6 3. d4 cxd4 4. Nxd4 Nf6 5. Nc3 a6 6. Be2 e5 7. Nb3 Be7 8. O-O
O-O 9. Qd3 Be6 10. Bd2 Nbd7 11. Nd5 Bxd5 12. exd5 Qc8 13. c4 Bd8 14. Bb4 Qb8
15. Rfc1 a5 16. Ba3 a4 17. Nd2 Bb6 18. b4 Bd4 19. Rab1 Qa7 20. Rf1 b5 21. Bf3
Nb6 22. c5 Nbxd5 23. Ne4 Nxe4 24. Bxe4 Nf4 25. Qxb5 d5 26. Bc2 Rfb8 27. Qc6
Ne2+ 28. Kh1 Nc3 29. b5 Rc8 30. b6 Rxc6 31. bxa7 Nxb1 32. Rxb1 Rc7 33. Rb8+ Rc8
34. Rb7 g6 35. Bxa4 Bxc5 36. Bd7 Bxa3 37. Bxc8 Bc5 38. Be6 Rxa7 39. Bxf7+ Kf8
40. Rxa7 Bxa7 41. Bxd5 Bxf2 42. g3 Ke7 43. Kg2 Bd4 44. Kf3 Kf6 45. a4 Kf5 46.
a5 Bc3 47. a6 Bd4 48. h4 h6 49. g4+ Kf6 50. Ke4 Bg1 51. Bc4 Ba7 52. Kd5 h5 53.
g5+ Kf5 54. Bd3+ Kg4 55. Kxe5 Kxh4 56. Kf6 Kg3 57. Kxg6 h4 58. Kf5 h3 59. g6
1-0

[Event "Calgary int."]
[Site "Calgary CAN"]
[Date "2023.12.27"]
[Round "2"]
[White "Haessel, Dale"]
[Black "Nunez Asencio, Jorge"]
[Result "0-1"]
[WhiteElo "2001"]
[BlackElo "2266"]
[PlyCount "92"]
[EventDate "2023.12.26"]
[EventType "swiss"]
[EventRounds "9"]
[EventCountry "CAN"]

1. d4 d5 2. c4 e6 3. Nc3 h6 4. Nf3 Nf6 5. Bf4 Bd6 6. Bxd6 Qxd6 7. e3 O-O 8. Ne5
a6 9. c5 Qe7 10. Bd3 Nfd7 11. f4 Nxe5 12. fxe5 f6 13. exf6 Qxf6 14. Rf1 Qh4+
15. Kd2 Rxf1 16. Qxf1 Nc6 17. Qf3 Bd7 18. Rf1 Qe7 19. a3 Be8 20. b4 Rd8 21. h4
Bf7 22. Bh7+ Kxh7 23. Qxf7 Qxh4 24. Qxe6 Qg3 25. Qf5+ Kh8 26. Rf2 Ne7 27. Qf7
Ng8 28. Ne2 Qh4 29. g3 Qe7 30. Nc3 c6 31. a4 Qg5 32. Qf4 Qg6 33. g4 Nf6 34. Rg2
Rf8 35. Qd6 Re8 36. g5 hxg5 37. Qg3 g4 38. Rh2+ Kg8 39. Qh4 Kf7 40. Rf2 Qh6 41.
Qg3 Kg8 42. Rh2 Qg5 43. Rh4 Rxe3 44. Qxe3 Qxh4 45. Ne2 Ne4+ 46. Kd3 Qe1 0-1

[Event "Calgary int."]
[Site "Calgary CAN"]
[Date "2023.12.27"]
[Round "2"]
[White "Khodjimatov, Sherzod"]
[Black "Komarov, Dimitri"]
[Result "1/2-1/2"]
[WhiteElo "2131"]
[BlackElo "2455"]
[PlyCount "71"]
[EventDate "2023.12.26"]
[EventType "swiss"]
[EventRounds "9"]
[EventCountry "CAN"]

1. e4 c5 2. Nc3 Nc6 3. g3 g6 4. Bg2 Bg7 5. d3 d6 6. f4 e6 7. Nf3 Nge7 8. h4 h5
9. Ng5 f6 10. Nh3 e5 11. Nf2 exf4 12. Bxf4 Ne5 13. d4 cxd4 14. Qxd4 N7c6 15.
Qd5 Qe7 16. O-O-O g5 17. hxg5 fxg5 18. Be3 Nf7 19. Nb5 Rh6 20. Bf3 a6 21. Bxh5
Rxh5 22. Nxd6+ Qxd6 23. Rxh5 Qg6 24. Rxg5 Nxg5 25. Qg8+ Ke7 26. Bc5+ Kf6 27.
Nd3 Nxe4 28. Rf1+ Bf5 29. Qxa8 Bh6+ 30. Nf4 Nxc5 31. Kb1 Bxf4 32. Qf8+ Ke6 33.
gxf4 Ne4 34. Ka1 Ne7 35. Qb8 Kf7 36. Qxb7 1/2-1/2

[Event "Calgary int."]
[Site "Calgary CAN"]
[Date "2023.12.27"]
[Round "2"]
[White "Srinivasan, Hermant"]
[Black "Soberov, Emil"]
[Result "0-1"]
[WhiteElo "2014"]
[BlackElo "2150"]
[PlyCount "96"]
[EventDate "2023.12.26"]
[EventType "swiss"]
[EventRounds "9"]
[EventCountry "CAN"]

1. d4 Nf6 2. c4 e6 3. Nc3 Bb4 4. e3 c5 5. Nge2 O-O 6. a3 cxd4 7. exd4 Be7 8.
Nf4 b6 9. Bd3 Bb7 10. O-O d6 11. Re1 Nbd7 12. Qe2 Re8 13. d5 e5 14. Nh3 Nc5 15.
Bc2 a5 16. Be3 Bc8 17. b4 Na6 18. Na4 Rb8 19. Rab1 axb4 20. axb4 b5 21. cxb5
Nc7 22. Nb6 Ncxd5 23. Nxd5 Nxd5 24. Qd3 Nf6 25. Ba7 e4 26. Qe3 Rb7 27. Bd4 d5
28. b6 Ng4 29. Qd2 Bd6 30. f3 Ne5 31. f4 Nc4 32. Qc3 Bxh3 33. Qg3 f5 34. Qxh3
Bxf4 35. Ba4 Rf8 36. Bc5 Rf6 37. Rf1 g5 38. Kh1 Nd2 39. Bd4 Rg6 40. Qxf5 Rf7
41. Qg4 Nxb1 42. Rxb1 Qf8 43. Bd7 h5 44. Qxh5 Rh6 45. Qg4 Qd6 46. Bf5 Rxh2+ 47.
Kg1 Rh4 48. Rc1 Bxc1 0-1

[Event "Calgary int."]
[Site "Calgary CAN"]
[Date "2023.12.27"]
[Round "2"]
[White "Tolentino, Patrick Angelo"]
[Black "Wu, Jonathan"]
[Result "1-0"]
[WhiteElo "2102"]
[BlackElo "2009"]
[PlyCount "121"]
[EventDate "2023.12.26"]
[EventType "swiss"]
[EventRounds "9"]
[EventCountry "CAN"]

1. d4 Nf6 2. c4 g6 3. Nc3 Bg7 4. e4 d6 5. Be2 O-O 6. Be3 Na6 7. Nf3 e5 8. O-O
Qe7 9. Qc2 exd4 10. Nxd4 c6 11. h3 Re8 12. Bf3 Nc5 13. Rfe1 a5 14. b3 Bd7 15.
Bf4 Nh5 16. Be3 Qh4 17. Qd2 Be5 18. Bg5 Bf4 19. Qxf4 Qxf4 20. Bxf4 Nxf4 21. h4
a4 22. Red1 Nfd3 23. g3 a3 24. Nc2 f5 25. b4 Ne5 26. bxc5 Nxf3+ 27. Kg2 fxe4
28. cxd6 Re5 29. Rab1 b5 30. cxb5 cxb5 31. Nd5 Rf8 32. Nxa3 e3 33. fxe3 Kg7 34.
Rbc1 Be6 35. Nf4 Rxe3 36. Nxe6+ Rxe6 37. Rc2 Ne1+ 38. Rxe1 Rxe1 39. Nxb5 Rd1
40. a4 Rd5 41. Rc7+ Rf7 42. Rc2 h5 43. Nc7 Ra5 44. Rc4 Rd7 45. Rd4 Kf6 46. Kf3
Ke5 47. Ke3 Rc5 48. Nb5 Rc1 49. Re4+ Kd5 50. Rd4+ Kc5 51. Kf4 Rb1 52. Re4 Rb4
53. Rxb4 Kxb4 54. Ke5 Kxa4 55. Ke6 Rh7 56. d7 Rh8 57. Nd6 Kb4 58. Nf7 Rb8 59.
d8=Q Rxd8 60. Nxd8 Kc4 61. Kf6 1-0

[Event "Calgary int."]
[Site "Calgary CAN"]
[Date "2023.12.27"]
[Round "3"]
[White "Findlay, Ian"]
[Black "Chandra, Anand Rishi"]
[Result "1/2-1/2"]
[WhiteElo "2126"]
[BlackElo "2157"]
[PlyCount "91"]
[EventDate "2023.12.26"]
[EventType "swiss"]
[EventRounds "9"]
[EventCountry "CAN"]

1. e4 e5 2. Nf3 Nc6 3. Bb5 a6 4. Bxc6 dxc6 5. O-O Bg4 6. h3 h5 7. d3 Qf6 8. Be3
Bxf3 9. Qxf3 Qxf3 10. gxf3 f5 11. f4 exf4 12. Bxf4 fxe4 13. dxe4 O-O-O 14. Nc3
Bc5 15. Rad1 Rxd1 16. Rxd1 Ne7 17. Rd3 Ng6 18. Be3 Bd6 19. Ne2 Ne5 20. Rd1 g5
21. Kg2 g4 22. Nd4 gxh3+ 23. Kxh3 Ng4 24. Nf5 Be5 25. f3 Nxe3 26. Nxe3 Rf8 27.
Nf5 Bxb2 28. f4 b5 29. Kh4 b4 30. Kxh5 Rh8+ 31. Kg6 Rh2 32. e5 Re2 33. Ne7+ Kb7
34. Kf5 c5 35. e6 Bd4 36. Rh1 c4 37. Nd5 Bc5 38. Nxb4 a5 39. Nd5 Kc6 40. Rd1
Rxc2 41. e7 Re2 42. Rd2 Re1 43. Rd1 Re2 44. Kf6 c3 45. Kf7 c2 46. Rc1 1/2-1/2

[Event "Calgary int."]
[Site "Calgary CAN"]
[Date "2023.12.27"]
[Round "3"]
[White "Haessel, Dale"]
[Black "Sanchez Acevedo, Lensy Manuel"]
[Result "1-0"]
[WhiteElo "2001"]
[BlackElo "1696"]
[PlyCount "69"]
[EventDate "2023.12.26"]
[EventType "swiss"]
[EventRounds "9"]
[EventCountry "CAN"]

1. d4 Nf6 2. c4 d6 3. Nf3 Nbd7 4. Nc3 e5 5. e4 Be7 6. Be2 O-O 7. O-O h6 8. Qc2
c6 9. Rd1 Qc7 10. Be3 Ng4 11. Bd2 a6 12. Rac1 b6 13. b4 Bb7 14. h3 Ngf6 15. Be3
c5 16. Nd5 Nxd5 17. cxd5 exd4 18. Nxd4 Bf6 19. Nf5 Rfe8 20. g4 Ne5 21. f4 Ng6
22. Bf3 Bc8 23. Qf2 Bxf5 24. gxf5 Bh4 25. Qg2 Ne7 26. Bd4 g5 27. fxg5 hxg5 28.
Qg4 f6 29. Bxf6 Kf7 30. Bb2 Rg8 31. Qh5+ Kf8 32. Qh6+ Ke8 33. Qe6 Qd7 34. f6
Qxe6 35. dxe6 1-0

[Event "Calgary int."]
[Site "Calgary CAN"]
[Date "2023.12.27"]
[Round "3"]
[White "Komarov, Dimitri"]
[Black "Doknjas, Neil"]
[Result "1-0"]
[WhiteElo "2455"]
[BlackElo "2255"]
[PlyCount "65"]
[EventDate "2023.12.26"]
[EventType "swiss"]
[EventRounds "9"]
[EventCountry "CAN"]

1. d4 Nf6 2. c4 e6 3. Nc3 Bb4 4. Nf3 b6 5. Bg5 h6 6. Bh4 g5 7. Bg3 Ne4 8. Qc2
Bb7 9. Nd2 Bxc3 10. bxc3 Nxg3 11. hxg3 h5 12. e4 g4 13. Be2 Qg5 14. Rh4 Rh6 15.
O-O-O Qf6 16. f4 gxf3 17. gxf3 Qg5 18. Rh3 d6 19. f4 Qg7 20. e5 dxe5 21. dxe5
Bg2 22. Rh2 Bc6 23. Bf3 Kf8 24. Bxc6 Nxc6 25. Qe4 Qxg3 26. Nf3 Qg4 27. Rh4 Qg3
28. Qxc6 Re8 29. Qe4 Qf2 30. Rh2 Qc5 31. Qd4 Qa3+ 32. Kb1 Rb8 33. Ng5 1-0

[Event "Calgary int."]
[Site "Calgary CAN"]
[Date "2023.12.27"]
[Round "3"]
[White "Malek, Omid"]
[Black "Vasic, Maxim"]
[Result "1/2-1/2"]
[WhiteElo "2032"]
[BlackElo "2007"]
[PlyCount "76"]
[EventDate "2023.12.26"]
[EventType "swiss"]
[EventRounds "9"]
[EventCountry "CAN"]

1. d4 Nf6 2. Nc3 d5 3. Bf4 c6 4. e3 Bf5 5. Nf3 e6 6. Ne5 h6 7. g4 Bh7 8. Bd3
Ne4 9. Bxe4 dxe4 10. f3 Bb4 11. O-O Bxc3 12. bxc3 exf3 13. Qxf3 O-O 14. e4 f6
15. Nd3 e5 16. Bg3 exd4 17. Nc5 Qe7 18. cxd4 b6 19. Qb3+ Kh8 20. Ne6 Rc8 21. e5
Nd7 22. exf6 Nxf6 23. g5 hxg5 24. Nxg5 Bg8 25. Qf3 Bd5 26. Qf4 Re8 27. Qh4+ Kg8
28. Be5 c5 29. c3 cxd4 30. cxd4 Rac8 31. Rac1 Ba8 32. Rxc8 Rxc8 33. Nh7 Nd5 34.
Ng5 Nf6 35. Qh3 Qd7 36. Qxd7 Nxd7 37. Bf4 Nf6 38. Rc1 Rxc1+ 1/2-1/2

[Event "Calgary int."]
[Site "Calgary CAN"]
[Date "2023.12.27"]
[Round "3"]
[White "Soberov, Emil"]
[Black "Tolentino, Patrick Angelo"]
[Result "1-0"]
[WhiteElo "2150"]
[BlackElo "2102"]
[PlyCount "109"]
[EventDate "2023.12.26"]
[EventType "swiss"]
[EventRounds "9"]
[EventCountry "CAN"]

1. e4 c6 2. d4 d5 3. e5 Bf5 4. Nf3 e6 5. Be2 c5 6. O-O Nc6 7. c3 cxd4 8. Nxd4
Nge7 9. Nxf5 Nxf5 10. Bd3 g6 11. Qe2 Bg7 12. f4 O-O 13. g4 Nfe7 14. Nd2 f6 15.
exf6 Rxf6 16. g5 Rf8 17. Qxe6+ Kh8 18. Nf3 Nf5 19. Qe2 d4 20. Bxf5 Rxf5 21. Rd1
Qb6 22. cxd4 Nxd4 23. Nxd4 Bxd4+ 24. Kg2 Raf8 25. Qe4 Bg7 26. Rb1 Qa6 27. a3 b6
28. Bd2 Qb5 29. a4 Qb3 30. Be3 Qf7 31. Rd3 Re8 32. Qc6 Rf8 33. Re1 Qa2 34. Re2
Qb1 35. Rdd2 Be5 36. Rf2 Bg7 37. h4 Qe1 38. Qf3 Qa1 39. Rd7 Qa2 40. Qb7 R5f7
41. Rxf7 Qxf7 42. Qxf7 Rxf7 43. h5 gxh5 44. f5 Be5 45. Kh3 Rc7 46. Re2 Bd6 47.
Bd4+ Kg8 48. Re8+ Kf7 49. Rh8 Rc4 50. Rxh7+ Kf8 51. Rh8+ Ke7 52. Bc3 Bb4 53.
f6+ Kf7 54. Rh7+ Kf8 55. g6 1-0

[Event "Calgary int."]
[Site "Calgary CAN"]
[Date "2023.12.27"]
[Round "3"]
[White "Wu, Jonathan"]
[Black "Srinivasan, Hermant"]
[Result "0-1"]
[WhiteElo "2009"]
[BlackElo "2014"]
[PlyCount "114"]
[EventDate "2023.12.26"]
[EventType "swiss"]
[EventRounds "9"]
[EventCountry "CAN"]

1. e4 c6 2. d4 d5 3. e5 c5 4. Nf3 Nc6 5. dxc5 Bg4 6. c3 e6 7. Be3 a6 8. Nbd2
Nxe5 9. Be2 Bxf3 10. Nxf3 Nc6 11. O-O g6 12. b4 Bg7 13. Qb3 Nge7 14. Rad1 O-O
15. Rfe1 Qc7 16. a3 Rad8 17. c4 d4 18. Bd2 e5 19. Ng5 h6 20. Ne4 f5 21. Nd6 e4
22. b5 Ne5 23. Bb4 d3 24. Bf1 Kh7 25. a4 Ng4 26. b6 Qd7 27. h3 Ne5 28. Bc3 N7c6
29. Qb2 Qe7 30. Bxd3 Qg5 31. Be2 e3 32. f3 Rd7 33. Rd5 Qg3 34. Rf1 g5 35. f4
Nxc4 36. Nxc4 Rxd5 37. Bxg7 Rg8 38. Bc3 gxf4 39. Bf3 Rxc5 40. Nd6 e2 41. Rf2
Nd4 42. Bxe2 Rxc3 43. Bf1 Nf3+ 44. Rxf3 Rxf3 45. Qc2 Rc3 46. Qxf5+ Qg6 47. Qxf4
Rg3 48. Qd2 Rd8 49. Qd5 Qxd6 50. Qxb7+ Rd7 51. Qe4+ Qg6 52. Qb4 Rg7 53. Qb2 Qe4
54. Kh2 Qf4 55. Qc2+ Kh8 56. Kg1 Qe3+ 57. Kh2 Rxh3+ 0-1

[Event "Calgary int."]
[Site "Calgary CAN"]
[Date "2023.12.28"]
[Round "4"]
[White "Chandra, Anand Rishi"]
[Black "Soberov, Emil"]
[Result "1/2-1/2"]
[WhiteElo "2157"]
[BlackElo "2150"]
[PlyCount "87"]
[EventDate "2023.12.26"]
[EventType "swiss"]
[EventRounds "9"]
[EventCountry "CAN"]

1. e4 c6 2. Nf3 d5 3. d3 Bg4 4. h3 Bxf3 5. Qxf3 e5 6. g3 Nf6 7. Bg2 dxe4 8.
dxe4 g6 9. O-O Bg7 10. Be3 O-O 11. Bc5 Re8 12. Rd1 Qc7 13. Na3 b5 14. c4 Nbd7
15. Bd6 Qb6 16. Rac1 Rac8 17. c5 Qb7 18. h4 Rcd8 19. Bh3 Nf8 20. Nc2 N6d7 21.
b4 Ne6 22. Rd3 Nd4 23. Qd1 Nb6 24. Nxd4 exd4 25. e5 Nd5 26. f4 f6 27. Rxd4 fxe5
28. Re4 exf4 29. Be6+ Rxe6 30. Rxe6 Qf7 31. Qg4 Ne3 32. Qg5 Rc8 33. Qe7 Nf5 34.
Qxf7+ Kxf7 35. Re4 fxg3 36. Rf1 Bf6 37. Kg2 Rd8 38. Bxg3 Rd2+ 39. Rf2 Rd3 40.
Rf3 Rd2+ 41. Rf2 Rd3 42. Rf3 Rd2+ 43. Bf2 Rxa2 44. Rd3 1/2-1/2

[Event "Calgary int."]
[Site "Calgary CAN"]
[Date "2023.12.28"]
[Round "4"]
[White "Doknjas, Neil"]
[Black "Srinivasan, Hermant"]
[Result "1-0"]
[WhiteElo "2255"]
[BlackElo "2014"]
[PlyCount "47"]
[EventDate "2023.12.26"]
[EventType "swiss"]
[EventRounds "9"]
[EventCountry "CAN"]

1. e4 c6 2. d4 d5 3. e5 c5 4. dxc5 e6 5. c3 Bxc5 6. Qg4 g6 7. Nf3 Nd7 8. Bd3
Bf8 9. O-O Bg7 10. Re1 Qc7 11. Bf4 Ne7 12. Na3 a6 13. c4 d4 14. Nxd4 Bxe5 15.
Bxe5 Nxe5 16. Qf4 f6 17. Qxf6 Nf7 18. Nxe6 Bxe6 19. Rxe6 Rd8 20. Rae1 Rd7 21.
Bc2 Rf8 22. Ba4 b5 23. Nxb5 axb5 24. Bxb5 1-0

[Event "Calgary int."]
[Site "Calgary CAN"]
[Date "2023.12.28"]
[Round "4"]
[White "Khodjimatov, Sherzod"]
[Black "Gomez Garrido, Camillo Ernesto"]
[Result "0-1"]
[WhiteElo "2131"]
[BlackElo "2481"]
[PlyCount "54"]
[EventDate "2023.12.26"]
[EventType "swiss"]
[EventRounds "9"]
[EventCountry "CAN"]

1. e4 c5 2. Nc3 d6 3. g3 Nc6 4. Bg2 g6 5. d3 Bg7 6. f4 e6 7. Nf3 Nge7 8. Bd2
Rb8 9. h4 h5 10. Ng5 b5 11. Qc1 b4 12. Ne2 Ba6 13. Be3 c4 14. d4 c3 15. bxc3
bxc3 16. d5 exd5 17. Qa3 Bxe2 18. Kxe2 d4 19. Bc1 O-O 20. Qa4 d3+ 21. Kxd3 Qd7
22. Qc4 d5 23. exd5 Nb4+ 24. Ke2 Nxc2 25. Be4 Rb4 26. Qc5 Bd4 27. Qa5 Ra4 0-1

[Event "Calgary int."]
[Site "Calgary CAN"]
[Date "2023.12.28"]
[Round "4"]
[White "Nunez Asencio, Jorge"]
[Black "Komarov, Dimitri"]
[Result "1/2-1/2"]
[WhiteElo "2266"]
[BlackElo "2455"]
[PlyCount "40"]
[EventDate "2023.12.26"]
[EventType "swiss"]
[EventRounds "9"]
[EventCountry "CAN"]

1. d4 Nf6 2. c4 e6 3. Nf3 d5 4. Nc3 Bb4 5. e3 O-O 6. Bd2 b6 7. cxd5 exd5 8. Rc1
c5 9. Bd3 Nc6 10. O-O c4 11. Bb1 Bg4 12. h3 Bh5 13. Qc2 Bxf3 14. gxf3 g6 15.
Ne2 Bxd2 16. Qxd2 Nh5 17. Ng3 Qh4 18. Kh2 b5 19. Nxh5 Qxh5 20. f4 Qh4 1/2-1/2

[Event "Calgary int."]
[Site "Calgary CAN"]
[Date "2023.12.28"]
[Round "4"]
[White "Tolentino, Patrick Angelo"]
[Black "Findlay, Ian"]
[Result "1/2-1/2"]
[WhiteElo "2102"]
[BlackElo "2126"]
[PlyCount "55"]
[EventDate "2023.12.26"]
[EventType "swiss"]
[EventRounds "9"]
[EventCountry "CAN"]

1. d4 Nf6 2. c4 e6 3. Nf3 d5 4. Nc3 Be7 5. Bf4 O-O 6. e3 c5 7. dxc5 Bxc5 8. a3
Nc6 9. Qc2 Bd6 10. Bxd6 Qxd6 11. Rd1 Rd8 12. Be2 Qe7 13. cxd5 exd5 14. h3 Be6
15. O-O Rac8 16. Qa4 a6 17. Rd2 h6 18. Rfd1 Qc5 19. Bd3 Qb6 20. Ne2 Na5 21. Qd4
Qd6 22. Rc2 Rxc2 23. Bxc2 Rc8 24. Bb1 Rc4 25. Qd3 Rc7 26. Qd4 Rc4 27. Qd3 Rc7
28. Qd4 1/2-1/2

[Event "Calgary int."]
[Site "Calgary CAN"]
[Date "2023.12.28"]
[Round "4"]
[White "Vasic, Maxim"]
[Black "Yam, Alex"]
[Result "1/2-1/2"]
[WhiteElo "2007"]
[BlackElo "2211"]
[PlyCount "77"]
[EventDate "2023.12.26"]
[EventType "swiss"]
[EventRounds "9"]
[EventCountry "CAN"]

1. c4 e6 2. d4 d5 3. cxd5 exd5 4. Nc3 c6 5. Nf3 Bd6 6. Qc2 Ne7 7. Bg5 f6 8. Bh4
Bf5 9. Qd2 Nd7 10. Bg3 Nb6 11. e3 O-O 12. b3 a5 13. Bd3 a4 14. O-O Bb4 15. Rfb1
Qd7 16. Ne1 c5 17. Bxf5 Nxf5 18. Nc2 axb3 19. Rxb3 Nc4 20. Qd1 Bxc3 21. Rxc3
Nb2 22. Qb1 Na4 23. Rb3 b6 24. dxc5 Nxg3 25. hxg3 bxc5 26. Qd1 Rfd8 27. Rab1
Qf5 28. Qd2 Qe5 29. Ne1 Qe4 30. Rb7 d4 31. exd4 cxd4 32. R1b4 Nc3 33. Rc7 Re8
34. Nc2 Rxa2 35. Rbb7 Qxc2 36. Rxg7+ Kh8 37. Qxc2 Re1+ 38. Kh2 Rxc2 39. Rxh7+
1/2-1/2

[Event "Calgary int."]
[Site "Calgary CAN"]
[Date "2023.12.28"]
[Round "4"]
[White "Wu, Jonathan"]
[Black "Malek, Omid"]
[Result "1-0"]
[WhiteElo "2009"]
[BlackElo "2032"]
[PlyCount "73"]
[EventDate "2023.12.26"]
[EventType "swiss"]
[EventRounds "9"]
[EventCountry "CAN"]

1. e4 e6 2. d4 d5 3. Nc3 h6 4. Be3 Bb4 5. e5 c5 6. a3 cxd4 7. Qxd4 Nc6 8. Bb5
Bf8 9. Qf4 a6 10. Bxc6+ bxc6 11. b4 Ne7 12. Nf3 Nf5 13. Bc5 Be7 14. h4 h5 15.
Rd1 Bxc5 16. bxc5 Qa5 17. Qb4 Qxb4 18. axb4 Rb8 19. Rb1 O-O 20. Kd2 Rd8 21. Na4
Bd7 22. Nb6 Be8 23. Ra1 f6 24. Rhe1 Bf7 25. Rxa6 Rb7 26. c3 Re7 27. Rea1 d4 28.
c4 Bg6 29. b5 d3 30. Ra7 Be8 31. Ra8 Rxa8 32. Rxa8 Kh7 33. Nc8 Rb7 34. Nd6 Nxd6
35. exd6 cxb5 36. Rxe8 bxc4 37. Kc3 1-0

[Event "Calgary int."]
[Site "Calgary CAN"]
[Date "2023.12.28"]
[Round "5"]
[White "Chandra, Anand Rishi"]
[Black "Doknjas, Neil"]
[Result "0-1"]
[WhiteElo "2157"]
[BlackElo "2255"]
[PlyCount "154"]
[EventDate "2023.12.26"]
[EventType "swiss"]
[EventRounds "9"]
[EventCountry "CAN"]

1. e4 c6 2. Nf3 d5 3. d3 Qc7 4. g3 dxe4 5. dxe4 e5 6. Bg2 Nf6 7. Nbd2 Bc5 8.
O-O Be6 9. Ng5 Bg4 10. Qe1 h6 11. Ngf3 Nbd7 12. Nb3 Bd6 13. h3 Be6 14. Qe2 a5
15. Rd1 a4 16. Nbd2 b5 17. Ne1 O-O 18. Nf1 Rfd8 19. g4 Nh7 20. Ng3 Bf8 21. Nf5
Nc5 22. Bd2 Bc4 23. Qf3 Ne6 24. b3 Nhg5 25. Bxg5 Nxg5 26. Qe3 Be6 27. h4 Nh7
28. Qg3 g6 29. Ne3 Bc5 30. Nf5 Bxf5 31. exf5 g5 32. Nd3 Bd6 33. Qe3 Kg7 34. b4
gxh4 35. Re1 f6 36. Nc5 Bxc5 37. Qxc5 h3 38. Bxh3 Rd5 39. Qc3 Rd4 40. Re3 Rad8
41. Rae1 Rc4 42. Qb2 Qd6 43. Rd3 Rd4 44. Red1 Ng5 45. Bg2 Qe7 46. Bxc6 Rxg4+
47. Kf1 Rxb4 48. Rxd8 Rxb2 49. R8d7 Qf7 50. Rxf7+ Nxf7 51. Rd7 Kf8 52. Bd5 Ng5
53. Rc7 b4 54. Kg2 Rb1 55. Bc6 b3 56. cxb3 axb3 57. axb3 Rxb3 58. Rd7 h5 59.
Rd8+ Kg7 60. Rd7+ Kh6 61. Rd6 Nh7 62. Be8 Rb7 63. Bg6 Kg5 64. Rd8 Kf4 65. Rh8
Ng5 66. Rxh5 e4 67. Rh4+ Ke5 68. Rh1 Rb2 69. Kg3 Rb3+ 70. Kg2 Nf3 71. Bh5 Nd4
72. Bg4 Kf4 73. Rd1 Nc6 74. Bh5 Ne5 75. Bg6 Rb2 76. Kg1 Nf3+ 77. Kf1 e3 0-1

[Event "Calgary int."]
[Site "Calgary CAN"]
[Date "2023.12.28"]
[Round "5"]
[White "Haessel, Dale"]
[Black "Khodjimatov, Sherzod"]
[Result "0-1"]
[WhiteElo "2001"]
[BlackElo "2131"]
[PlyCount "66"]
[EventDate "2023.12.26"]
[EventType "swiss"]
[EventRounds "9"]
[EventCountry "CAN"]

1. d4 Nf6 2. c4 e6 3. Nc3 d5 4. cxd5 exd5 5. Bg5 Nbd7 6. e3 c6 7. Bd3 Be7 8.
Nge2 Nf8 9. f3 Ne6 10. Bh4 O-O 11. Qc2 g6 12. O-O Re8 13. Rad1 b5 14. Bf2 a5
15. h3 Nh5 16. Qc1 Bb7 17. e4 b4 18. Na4 Rc8 19. g4 Bg5 20. Be3 Bxe3+ 21. Qxe3
Nhg7 22. e5 c5 23. Nxc5 Nxc5 24. dxc5 Qh4 25. Bb5 Red8 26. f4 d4 27. Rxd4 Rxd4
28. Nxd4 Rxc5 29. Rd1 h5 30. g5 Rxb5 31. Nxb5 Nf5 32. Qf2 Qxh3 33. Qh2 Qg4+ 0-1

[Event "Calgary int."]
[Site "Calgary CAN"]
[Date "2023.12.28"]
[Round "5"]
[White "Soberov, Emil"]
[Black "Nunez Asencio, Jorge"]
[Result "1/2-1/2"]
[WhiteElo "2150"]
[BlackElo "2266"]
[PlyCount "58"]
[EventDate "2023.12.26"]
[EventType "swiss"]
[EventRounds "9"]
[EventCountry "CAN"]

1. e4 e6 2. d4 d5 3. e5 Bd7 4. Nf3 a6 5. a3 Bb5 6. Bd3 Ne7 7. O-O Bxd3 8. Qxd3
Nf5 9. Bg5 Qd7 10. g4 Ne7 11. Nc3 h5 12. h3 Ng6 13. Ne2 Be7 14. Bxe7 Qxe7 15.
g5 Nc6 16. Kh2 Qd7 17. h4 Nce7 18. Ng3 Nf4 19. Qe3 Neg6 20. Ng1 O-O-O 21. Nh3
Nxh3 22. Kxh3 Kb8 23. f4 Ne7 24. Qe2 Rc8 25. b4 Qa4 26. Rfb1 g6 27. c3 Qc6 28.
Qd2 b6 29. a4 Qb7 1/2-1/2